| 000 | 01279nam a2200253zi 4500 | ||
|---|---|---|---|
| 003 | URS | ||
| 005 | 20220117090724.0 | ||
| 008 | 190527s1999 ph a|||| |||| 00| 0 eng | | ||
| 040 |
_cURS _erda _aURS _beng _dURS |
||
| 050 | 1 | 4 |
_aDS 32.9 _bJ8261 1999 |
| 245 | 0 | 0 |
_aJournal of Asian English studies : _bapproaches to english teaching strategies part II / _cEdited by Nieves B. Epistola |
| 264 | 1 |
_aDiliman, Quezon City : _bUniversity of the Philippines, President's Committee on the Improvement of English Teaching, _c[date of publication not identified] |
|
| 264 | 4 | _c©1999 | |
| 300 |
_a375 pages : _billustrations ; _c25 cm |
||
| 336 |
_2rdacontent _atext _btxt |
||
| 336 |
_2rdacontent _astill image _bsti |
||
| 337 |
_2rdamedia _aunmediated _bn |
||
| 338 |
_2rdacarrier _avolume _bnc |
||
| 500 | _aSelected Papers from the First National Conference on English Studies : Language, Literature and Culture | ||
| 524 | _aEpistola, N. B. (Ed.). (1999). Journal of Asian English studies : approaches to english teaching strategies part II. Diliman, Quezon City: University of the Philippines, President's Committee on the Improvement of English Teaching. | ||
| 650 | 0 |
_aEnglish language _vPeriodicals _xStudy and teaching _zAsia |
|
| 700 | 1 |
_aEpistola, Nieves B., _eeditor |
|
| 942 |
_2lcc _cF |
||
| 999 |
_c6206 _d6206 |
||